| 000 | 01154nam a2200265Ia 4500 | ||
|---|---|---|---|
| 001 | 937-VEL pa st (17239) | ||
| 003 | IT-MiSPE | ||
| 008 | 171229s9999||||xx |||||||||||||| ||und|| | ||
| 040 |
_aIT-MiSPE _cIT-MiSPE |
||
| 041 | _aITALIANO | ||
| 100 | _aVelleio Patercolo Gaio | ||
| 240 | _aHistoriae romanae | ||
| 245 | 0 |
_aStoria di Roma _bIn due libri dedicata al console Marco Vinicio |
|
| 250 | _a1a ed. (v) | ||
| 260 |
_aMilano _bRusconi _c1978 |
||
| 300 |
_a307 p. _c22 cm |
||
| 490 |
_aClassici di storia: Greco-romana _v29 |
||
| 501 | _aEdizioni San Paolo srl - Piazza Soncino, 5 - 20092 CINISELLO BALSAMO (MI) (non commercial uses only) ® Copyright 2018 | ||
| 520 | _aNicola Criniti (intr.). Tav. | ||
| 700 |
_aEnrico Meroni _g(traduzione) |
||
| 700 | _aNicola Criniti | ||
| 942 | _cBK | ||
| 957 | _71 | ||
| 999 |
_a3623 _bNO _g Copie: 1 _c356734 _d356734 |
||